=LDR 00000nam 2200000 4500 =001 INLIS000000000011410 =005 20130612102957 =008 ***********************************Ind** =035 ##$$0010-061300000011410 =041 ##$$a Ind =082 ##$$a 951 =090 ##$$a 951, Suk s, Suk s =100 ##$$a Sukisman, WD =245 ##$$a Sejarah Cina Kontemporer, dari Revolusi Nasional Malalui Revolusi kebudayaan sampai modernisasi sosialis, WP.sukisman =260 ##$$a 1995 $b Jakarta =300 ##$$a XII, 166 hlm., 21 cm =650 ##$$a Cina-Sejarah =850 ##$$a NBPNMAT